Диагностика нанопорошков металлов: тепловые характеристики горения в воздухе; Энергетика: эффективность, надёжность, безопасность

Dades bibliogràfiques
Parent link:Энергетика: эффективность, надёжность, безопасность.— 2011.— [С. 286-288]
Altres autors: Шувалов Г. В., Клековник И. В., Ильин А. П. Александр Петрович, Тихонов Д. В. Дмитрий Владимирович, Роот Л. О. Людмила Олеговна
Sumari:Заглавие с титульного листа
Электронная версия печатной публикации
Idioma:rus
Publicat: 2011
Matèries:
Accés en línia:http://www.lib.tpu.ru/fulltext/v/Conferences/2011/K06/116109.pdf
Format: MixedMaterials Electrònic Capítol de llibre
KOHA link:https://koha.lib.tpu.ru/cgi-bin/koha/opac-detail.pl?biblionumber=223927

MARC

LEADER 00000nla2a2200000 4500
001 223927
005 20240117103110.0
035 |a (RuTPU)RU\TPU\book\244200 
035 |a RU\TPU\book\244196 
090 |a 223927 
100 |a 20121017d2011 k y0rusy50 ca 
101 0 |a rus 
102 |a RU 
105 |a y z 101zy 
135 |a drnn ---uucaa 
181 0 |a i  
182 0 |a b 
200 1 |a Диагностика нанопорошков металлов: тепловые характеристики горения в воздухе  |f Г. В. Шувалов [и др.] 
203 |a Текст  |c электронный 
215 |a 1 файл (273 Кб) 
300 |a Заглавие с титульного листа 
300 |a Электронная версия печатной публикации 
337 |a Adobe Reader 
463 1 |0 (RuTPU)RU\TPU\book\241205  |t Энергетика: эффективность, надёжность, безопасность  |o материалы XVII Всероссийской научно-технической конференции, Томск, 7-9 декабря 2011 г.  |f Национальный исследовательский Томский политехнический университет (ТПУ)  |v [С. 286-288]  |d 2011 
610 1 |a нанопорошки 
610 1 |a металлы 
610 1 |a диагностирование 
610 1 |a горение в воздухе 
610 1 |a тепловые характеристики 
610 1 |a электронный ресурс 
610 1 |a труды учёных ТПУ 
701 1 |a Шувалов  |b Г. В. 
701 1 |a Клековник  |b И. В. 
701 1 |a Ильин  |b А. П.  |c химик  |c профессор Томского политехнического университета, доктор физико-математических наук  |f 1949-  |g Александр Петрович  |3 (RuTPU)RU\TPU\pers\25487 
701 1 |a Тихонов  |b Д. В.  |c специалист в области электроэнергетики  |c старший научный сотрудник Томского политехнического университета, кандидат технических наук  |f 1965-  |g Дмитрий Владимирович  |3 (RuTPU)RU\TPU\pers\25645  |9 11556 
701 1 |a Роот  |b Л. О.  |c химик  |c доцент Томского политехнического университета, кандидат технических наук  |f 1982-  |g Людмила Олеговна  |3 (RuTPU)RU\TPU\pers\28558  |9 13377 
801 1 |a RU  |b 63413507  |c 20120926 
801 2 |a RU  |b 63413507  |c 20160220  |g RCR 
856 4 |u http://www.lib.tpu.ru/fulltext/v/Conferences/2011/K06/116109.pdf 
942 |c CF